000 01827nam0a2200385 i 4500
001 RU\NLR\bibl\1997394
005 20260409075527.0
010 _a9785956603574
_9100
021 _aRU
_b2013-1950
_9128
035 _a(nilc)RuMoRGB-006520932
035 _a(NLR Aleph) 001985776
090 _a4154558
_c4154558
100 _a20130201d2012 u y0rusy50 ca
101 0 _arus
102 _aRU
105 _aa |||||||||
200 1 _aЭтнокультурный тренинг
_fС. Б. Дагбаева
_gЗабайкал. гос. гуманит.-пед. ун-т им. Н. Г. Чернышевского
210 _aЧита
_cЗабайкальский гос. гуманитарно-педагогический ун-т
_d2012
215 _a254 с.
_cил., табл.
_d21
320 _aБиблиогр.: с. 143-145 (55 назв.)
606 _aМультикультурное образование
_jУчебные издания для высших учебных заведений
_3RU\NLR\auth\661470432
_92476460
606 _aТолерантность этническая
_jУчебные издания для высших учебных заведений
_92125682
_3RU\NLR\auth\661586841
606 _aТренинг социально-психологический
_jУчебные издания для высших учебных заведений
_91707464
_3RU\NLR\auth\661058439
686 _aЧ34я73
686 _aС550.67я73
686 _aС550.353я73
700 1 _aДагбаева
_bС. Б.
_gСоелма Батомункуевна
_4070
801 0 _aRU
_bRuMoRKP
_c20130201
_gRCR
801 2 _aRU
_bРГБ
_c20130212
_grcr
801 1 _aRU
_bRuMoRKP
_c20130201
_2rusmarc
801 2 _aRU
_bNLR
_c20130206
_grcr
830 _aавт. по кн.
942 _cBOOK
980 _aNBR